Länder in denen aktuell Krieg ist - Statistiken

Allgemein
  • Dieses Quiz wurde 256 mal gespielt
  • Das Durchschnittsergebnis liegt bei 4 aus 8
Antwortstatistiken
Hint Country 1 Country 2 % Korrekt
Seit 2014 Ukraine Russland
98%
Seit 2023 Israel Palestina
87%
Seit 2011 Syrien Bürgerkrieg
69%
Seit 2023 Sudan Bürgerkrieg
56%
Seit 1947 Indien Pakistan
35%
Seit 2012 Mali Niger
30%
Seit 2021 Myanmar Bürgerkrieg
30%
Seit 2022 Kongo (DRK) Ruanda
0%
Keine übereinstimmenden Quizze gefunden
Verteilung der Resultate
Anzahl Personen mit jedem Resultat
Perzentil nach korrekt beantworteten Fragen
Ihre Resultats-Entwicklung
Sie haben dieses Quiz noch nicht gespielt